000 00486nam a2200217Ia 4500
008 210210b1996 xxu||||| |||| 00| 0 eng d
082 _a621.381 CRAT
100 _aCRASTA (F M J)
245 _aTextbook of electronics. II PUC
250 _a
260 _aBangalore.
_b
_c1996
300 _a258
650 _aTextbook
650 _aPUC
650 _aof
650 _aII
650 _aelectronics.
690 _aElectronics
700 _aRAO (D Sudhakar).
906 _a051964
999 _c100282
_d100282